000 00746nam a2200253Ia 4500
005 20260601193300.0
008 260601s9999||||xx |||||||||||||| ||und||
020 _a978-981-97-5552-3
_qebk
100 _aMakoto Onizuka
245 0 _aDatabase Systems for Advanced Applications
250 _a2024
260 _aHeidelberg, Germany
_bSpringer Nature
_c2024
440 _aLecture Notes in Computer Science
650 _aComputer Science
700 _aChuan Xiao
700 _aH. V. Jagadish
700 _aJae-Gil Lee
700 _aKejing Lu
700 _aSihem Amer-Yahia
700 _aYongxin Tong
700 _aYoshiharu Ishikawa
856 _uhttps://link.springer.com/openurl?genre=book&isbn=978-981-97-5552-3
942 _cEB
_2ddc
999 _c56993
_d56993